000 00867nab a2200253 u 4500
001 10828
003 HDC
007 cr bn ---aaaaa
008 210205d9999 |r|noo 0 a eng d
040 _aHDC
110 _aBriefingwire
245 0 _aGlobal Halal Food Market Size, Industry, Analysis, Share, Growth, Trends, Forecast 2014
260 _a[no place] :
_b[publisher not identified],
_c[no year]
336 _atext
_2rdacontent
337 _acomputer
_2rdamedia
338 _aonline resource
_2rdacarrier
650 _aGlobal Halal Food
_94492
650 _ahalal food industry
_9128
650 _ahalal industry
_9144
856 _zRequest full-text at [email protected]
942 _2lcc
942 _cNEWS
942 _kNWSO 001245
999 _c8151
_d8151